Udržateľnosť (ESG) a hodnota firmy diplomová práca

Gespeichert in:
Bibliographische Detailangaben
1. Verfasser: Šípová, Miriana, 1997-
Körperschaft: Národohospodárska fakulta EU. Katedra financií
Weitere Verfasser: Belanová, Katarína, 1978-
Format: Buch
Sprache:Slowakisch
Veröffentlicht: Bratislava 2023
Tags: Tag hinzufügen
Keine Tags, Fügen Sie das erste Tag hinzu!

MARC

LEADER 00000nbm a2200000 4500
001 0293100
005 20231107144818.8
041 0 |a slo 
044 |a SK 
245 1 0 |a Udržateľnosť (ESG) a hodnota firmy  |b diplomová práca  |c Miriana Šípová ; školiteľ: Katarína Belanová 
264 1 |a Bratislava  |c 2023 
300 |a 94 s. 
100 1 |a Šípová, Miriana, 1997- 
700 1 |a Belanová, Katarína, 1978- 
710 2 |a Národohospodárska fakulta EU. Katedra financií